| 000 | 00757cam a2200229 4500 | ||
|---|---|---|---|
| 001 | ABS62645 | ||
| 008 | 000000n2000 000 0 eng u | ||
| 035 | _a(Sirsi) u107209 | ||
| 100 | _aGunn, A. | ||
| 245 | _aFarewell to feudality | ||
| 260 | _c2000 | ||
| 490 |
_aEstates Gazette _v(0027) 8 July 2000, 140-141(2) |
||
| 520 | _aThe Abolition of Feudal Tenure etc (Scotland) Act 2000 is the first step to reform the nature of Scottish land tenure. Includes an action plan of what to do for feudal superiors and property owners | ||
| 590 | _aABS | ||
| 650 | _aABOLITION OF FEUDAL TENURE ETC (SCOTLAND) ACT 2000 | ||
| 650 | _aLAND TENURE | ||
| 650 | _aSCOTLAND | ||
| 650 | _aFEUDUTY | ||
| 650 | _aFEUDAL BURDENS | ||
| 690 | _aLAW | ||
| 942 | _n0 | ||
| 999 |
_c64094 _d64094 |
||